000 00345nam a2200133 i 4500
001 bg
100 1 _aPOMERANCUK, J. Ja.
245 0 _aSobranie naucnych trudov.
_nT. 1,
_pFizika nizkich temperatur /
_cJ.Ja. Pomerancuk.
260 _aMoskva,
_c1972.
040 _cBPK
041 _apol
942 _cKS
008 s pl f |000 0 pol
999 _c47039
_d47039
856 _uhttp://koha.tu.koszalin.pl/cgi-bin/koha/opac-detail.pl?biblionumber=47039
_yKatalog online BPK